Statistics for Je t'écris [Paroles entières]

Click here to take the quiz!

General Stats

  • This quiz has been taken 5 times
  • The average score is 162 of 389

Answer Stats

XParoles% Correct
| StropheJe
100%
| StropheJe
100%
je
100%
t'écris
100%
les
80%
le
80%
de
80%
80%
la
80%
sur
80%
par
60%
se
60%
| RefrainDes
60%
ni
60%
son
60%
d'un
60%
ne
60%
du
60%
des
60%
en
60%
RefrainDes
60%
pas
60%
à
60%
on
40%
l'on
40%
oubliée
40%
d'une
40%
dans
40%
et
40%
valise
40%
aux
40%
ton
40%
au
40%
sans
40%
si
40%
quatre
20%
y
20%
faire
20%
encore
20%
aimé
20%
vers
20%
meurt
20%
rêve
20%
jour
20%
milliers
20%
coins
20%
quatres
20%
part
20%
peu
20%
trop
20%
guerres
20%
abandonnées
20%
monde
20%
bruit
20%
quart
20%
que
20%
qui
20%
Il
20%
tranchées
20%
cette
20%
mer
20%
avenue
20%
quelques
20%
cinquième
20%
ce
20%
grand
20%
bateau
20%
terre
20%
ces
20%
nos
20%
amères
0%
impuissants
0%
d'hiver
0%
lumières
0%
soirs
0%
desquels
0%
rue
0%
noms
0%
dieux
0%
danse
0%
plumier
0%
saveurss
0%
chante
0%
main
0%
chambre
0%
douces
0%
solitaire
0%
vieillard
0%
tue
0%
n'ont
0%
hommes
0%
habillées
0%
d'humanité
0%
ébloui
0%
trottoirs
0%
tant
0%
t'avoir
0%
ordinaire
0%
très
0%
villes
0%
ferai
0%
Noël
0%
paix
0%
souvenir
0%
passés
0%
reflets
0%
brille
0%
Eiffel
0%
tour
0%
Seine
0%
renoncé
0%
nourris
0%
nuits
0%
s'élèvent
0%
vieux
0%
yeux
0%
Tanger
0%
baiser
0%
lac
0%
blanc
0%
couple
0%
patine
0%
désert
0%
l'épave
0%
souvient
0%
l'Afrique
0%
maisons
0%
Paris
0%
regard
0%
s'écroulent
0%
Gibraltar
0%
large
0%
année
0%
Venise
0%
peut-être
0%
neigera
0%
amants
0%
s'éveillent
0%
banc
0%
deux
0%
émerveillés
0%
mémoires
0%
d'enfants
0%
légers
0%
clochers
0%
corps
0%
petite
0%
fille
0%
ciels
0%
m'enlever
0%
pied
0%
avion
0%
s'enlacent
0%
l'aile
0%
café
0%
déranger
0%
pourrait
0%
personne
0%
sapin
0%
rien
0%
éternité
0%
leur
0%
départ
0%
éboui
0%

Score Distribution

Percentile by Number Answered

Percent of People with Each Score

Your Score History

You have not taken this quiz